000 00602nam a2200229Ia 4500
003 OSt
005 20221007080802.0
006 a|||||r|||| 00| 0
007 ta
008 221006b |||||||| |||| 00| 0 eng d
024 _a10,863
037 _cTextual
040 _aFLL
_cFLL
_beng
041 _2eng
_aeng
082 _aRz7, M6
100 _aKenny A. Au.
_9695509
245 0 _aRationalism, empiricism and idealism
260 _aNew York
_bClarendon press oxford U.S.A.
_c1986
300 _a179p
_ccm.
942 _hRz7, M6
_cTEXL
_2CC
999 _c1160887
_d1160887